| 000 | 00937nam a2200277 i 4500 | ||
|---|---|---|---|
| 001 | 200439644 | ||
| 999 |
_c200439644 _d57856 |
||
| 003 | TR-AnTOB | ||
| 005 | 20240809141123.0 | ||
| 007 | ta | ||
| 008 | 210222s1994 tu g 000 0 tur d | ||
| 040 |
_aTR-AnTOB _beng _erda _cTR-AnTOB |
||
| 041 | 0 | _atur | |
| 050 | 1 |
_aHD6250.T92 _bT876 1994 |
|
| 090 | _aTOBBK HD6250.T92 T876 1994 | ||
| 245 | 0 | 0 |
_aTürk-İş sendikalar ve çalışan çocuklar ulusal semineri ; 10 Ekim 199, İstanbul: _b[açış konuşmaları, bildiriler] / _cHaz.: Özcan Karabulut. |
| 264 | 1 |
_aAnkara : _bTürk-İş Çalışan Çocuklar Bürosu, _c1994. |
|
| 300 |
_a59 pages ; _c22 cm |
||
| 336 |
_atext _btxt _2rdacontent |
||
| 337 |
_aunmediated _bn _2rdamedia |
||
| 338 |
_avolume _bnc _2rdacarrier |
||
| 650 | 0 |
_aÇocuk işçi _zTürkiye _9109021 |
|
| 700 | 1 |
_aKarabulut, Özcan _eeditor _945984 |
|
| 942 |
_2z _cBK |
||